000 00328nam a2200121Ia 4500
005 20251222141900.0
008 251222s9999||||xx |||||||||||||| ||spa||
020 _a9972-874-03-6
082 _a985.26/T12
100 _a"Tácunan Bonifacio, Santiago"
245 0 _aComas y su historia: Un modelo de historia distrital
942 _cLIB
999 _c8016
_d8016